000 00583nam a22002057a 4500
001 000030448
003 RuMoIPM
005 20260429135907.0
008 260429s1971 ur ||||| |||| 00| 0 rus d
040 _aRuMoIPM
_brus
_ercr
041 _arus
044 _aru
080 _a51-7
245 1 0 _aВып. 5
260 _c1971
300 _a326 с.
504 _aБиблиогр. в конце ст.
773 1 8 _dКиев: Наукова думка, 1963-1971
_tНекоторые вопросы прикладной математики: [Сб. ст.]
_w000030439
942 _cBK
999 _c30448
_d30448